Návrh systému kontroly osadenia konektorov vyhrievacích mriežok zadných skiel pre automobily na ručnom montážnom pracovisku

Salvato in:
Dettagli Bibliografici
Autore principale: Dvonč, Branislav, 1977- (Autore)
Altri autori: Ružarovský, Roman, 1979- (Relatore della tesi)
Natura: Manoscritto Libro
Lingua:slovacco
Pubblicazione: 2015
Soggetti:
Accesso online:http://is.stuba.sk/zp/portal_zp.pl?podrobnosti=110742
Tags: Aggiungi Tag
Nessun Tag, puoi essere il primo ad aggiungerne!!

MARC

LEADER 00000ntm a22000003a 4500
001 stuzp50660
003 SK-STU
005 20160719153626.8
007 ta
008 150427s2015----xo-----f-mn---000-0-slo-d
040 |a STU  |b slo 
041 0 |a slo 
100 1 |a Dvonč, Branislav,  |d 1977-  |u 063000  |4 aut  |U MTF Materiálovotechnologická fakulta  |T MTF Ústav výrobných technológií  |X 6926  |U M3000  |Y 83  |7 A000006926 
242 0 1 |a Design a detection system of heating connectors assembly for automotive rear glasses for workstation of manual assembly  |y eng 
245 1 0 |a Návrh systému kontroly osadenia konektorov vyhrievacích mriežok zadných skiel pre automobily na ručnom montážnom pracovisku 
260 |c 2015 
650 4 |a montáž  |2 slo 
650 4 |a kontrola  |2 slo 
650 4 |a kvalita  |2 slo 
650 4 |a meranie  |2 slo 
650 4 |a inspection  |2 eng 
650 4 |a assembly  |2 eng 
650 4 |a quality  |2 eng 
650 4 |a measurement  |2 eng 
700 1 |a Ružarovský, Roman,  |d 1979-  |4 ths  |X 30883  |7 A000030883 
856 4 |u http://is.stuba.sk/zp/portal_zp.pl?podrobnosti=110742 
996 |c M* DP-12252  |l MMSKP  |s P  |a 0  |w stuzp50660_0001 
SQL |a stuzp50660  |b DDP  |c SLO  |d Návrh systému kontroly osadenia konektorov vyhrievacích mriežok zadných skiel pre automobily na ručnom montážnom pracovisku  |e 6926  |f Dvonč, Branislav  |g 063000  |h 30883  |i Ružarovský, Roman  |j 20150603  |k 195  |l 06  |m http://is.stuba.sk/zp/portal_zp.pl?podrobnosti=110742  |n I-VZS  |o 5.2.50. výrobná technika